Geography Quiz

Random Geography or City Quiz
Score 0/30 Timer 04:00
0 Plays Today
City % Correct
Chicago
99.3%
Houston
98.2%
Dallas
97.4%
Minneapolis
96%
Kansas City
95.2%
San Antonio
94.5%
Austin
94.5%
St. Louis
94.1%
Oklahoma City
93.8%
New Orleans
93.4%
Milwaukee
92.6%
Saint Paul
90.4%
Omaha
90.1%
Memphis
88.2%
Fort Worth
87.1%
City % Correct
Nashville
85.7%
Madison
83.8%
Tulsa
83.5%
Des Moines
82.4%
Wichita
80.5%
Lincoln
80.1%
Corpus Christi
73.5%
Arlington
68.8%
Birmingham
68%
Lubbock
61.8%
Plano
54%
Montgomery
52.9%
Laredo
51.8%
Irving
47.1%
Garland
41.5%
Come Together.
Have Fun.
All Virtual.
We all need to come together. Play Sporcle's virtual live trivia to have fun, connect with people, and get your trivia on. Join a live hosted trivia game for your favorite pub trivia experience done virtually. If a virtual private party is more your thing, go here for details.

You're not logged in!

Compare scores with friends on all Sporcle quizzes.
OR
Log In

Sporcle TV

Today on Sporcle TV


Watch our educational content, quiz creation guides, and fun videos on Sporcle TV.

Show Comments

Extras

Created Apr 2, 2016ReportNominate
Tags:City Quiz, central, largest, standard

Top Quizzes Today


Score Distribution

Paid Content

Your Account Isn't Verified!

In order to create a playlist on Sporcle, you need to verify the email address you used during registration. Go to your Sporcle Settings to finish the process.

Report this User

Report this user for behavior that violates our Community Guidelines.

Details: